Fundación Manuel-José Rodríguez Acosta (Record no. 61509)

MARC details
000 -LEADER
campo de control de longitud fija 00521nam a2200157 i 4500
001 - NÚMERO DE CONTROL
campo de control 61509
003 - IDENTIFICADOR DE NÚMERO DE CONTROL
campo de control ES-MaACL
005 - FECHA Y HORA DE LA ÚLTIMA TRANSACCIÓN
campo de control 20230906164455.0
007 - CAMPO FIJO DE DESCRIPCIÓN FÍSICA--INFORMACIÓN GENERAL
campo de control de longitud fija t|
008 - DATOS DE LONGITUD FIJA--INFORMACIÓN GENERAL
campo de control de longitud fija 031112s1957 sp ||||1| spa d
111 2# - ENTRADA PRINCIPAL--NOMBRE DE CONGRESO/REUNIÓN
Nombre de congreso/reunión o jurisdicción como elemento de entrada Exposición Fundación Manuel-José Rodríguez Acosta (
Fecha del congreso o de la firma del tratado 1957.
Sede del congreso/Lugar de la reunión Granada)
9 (RLIN) 688
245 10 - MENCIÓN DEL TÍTULO
Título Fundación Manuel-José Rodríguez Acosta
Resto del título : Primer Concurso Exposición : El paisaje.
260 ## - PUBLICACIÓN, DISTRIBUCIÓN, ETC.
Lugar de publicación, distribución, etc. Granada :
Nombre del editor, distribuidor, etc. [s.n.,
Fecha de publicación, distribución, etc. 1957]
300 ## - DESCRIPCIÓN FÍSICA
Extensión 9 h., 10 lám. ;
Dimensiones 21 cm.
852 ## - LOCALIZACIÓN
Ubicación ES-MaACL
Número de control de estantería 1984-F-29
Sublocalización o colección R.40849
Holdings
Estatus retirado Estado de pérdida Estado de daño No para préstamo Colección Biblioteca de origen Biblioteca actual Ubicación en estantería Fecha de adquisición Fuente de adquisición Total de préstamos Signatura topográfica completa Código de barras Visto por última vez Precio de reemplazo Tipo de ítem Koha
        Colección de folletos Biblioteca del Ateneo de Madrid Biblioteca del Ateneo de Madrid Depósito folletos 17/01/2008     1984-F-29 1064494 23/02/2023 23/02/2023 Folleto